000 00750cam a22002172 4500
001 0000007008
005 20151217145834.0
008 071107s xx 000 0 eng d
020 _a9966925139 :
_cKES 800
040 _aKABU
_cKABU
245 1 0 _aGender and law :
_bEastern Africa speaks /
_ced. by Gita Gopal and Maryam Salim.
260 _aNairobi :
_bQuest & Insight,
_c2001.
300 _aix, 229 p.
650 0 _aWomen
_cAfrica, Eastern
_vCongresses
_xLegal status, law, etc.
_@0000158016
700 1 _aGopal, Gita.
_@0000158017
700 1 _aSalim, Maryam.
_@0000158018
852 1 _9p1140 KES
852 1 _9p1140 KES
908 _a071107
950 _@1
999 _c3141
_d3141